Star Wars : Dialogue complet Anakin / Obi Wan sur Mustafar - Statistiques

Statistiques générales
  • Ce quiz a été pris 5 693 fois
  • Le résultat moyen est 190 sur 281
Statistiques - réponses
Hint Réponse % Correct
à
97%
a
97%
Tu
97%
tu
97%
et
91%
le
91%
Obi Wan : Le
91%
Anakin : | Obi Wan : Je
90%
je
90%
l'a
90%
la
90%
la !
90%
de
88%
ce
86%
pas !
86%
pas
86%
Anakin !
85%
Anakin,
85%
Anakin.
85%
me
85%
te
85%
étais
84%
Anakin : | Obi Wan Si
84%
Obi Wan Ta
84%
ta
84%
toi
83%
toi,
83%
Sith
81%
l'élu
80%
comme
79%
les
79%
que
79%
ne
78%
Anakin | Obi Wan : Ne
78%
es
77%
hais !
77%
t'ai
77%
force,
76%
moi !
74%
moi,
74%
moi.
74%
moi
74%
c'était
73%
eux.
72%
Anakin : | Obi Wan : C'est
71%
c'est
71%
contre
71%
devais
71%
mon
71%
des
70%
prophétie
70%
t'aimais
70%
dans
68%
deviennes
67%
avec
66%
l'équilibre
66%
Obi Wan : Nous
66%
tuer !
66%
tuer.
66%
pour
65%
Anakin : Pour
65%
détruises
64%
Jedi,
64%
Jedi
64%
nuit.
64%
voulait
64%
est
63%
frères,
63%
qui
63%
ton
63%
Obi Wan : Ton
63%
Anakin Vous
63%
vous !
63%
vous
63%
alors
62%
alors.
62%
amené !
62%
étions
62%
il
62%
Obi Wan Laisse
62%
laisse
62%
laissé
62%
condamner
61%
faire.
60%
faire
60%
mal
60%
mes
60%
pouvoirs
60%
sont
60%
elle
59%
n'es
59%
empire.
58%
empire ?
58%
nouveaux
58%
par
57%
nouvel
56%
domine!
55%
as
54%
connaître
54%
absolu,
53%
absolu
53%
lui
53%
paix,
53%
perdu
53%
perdu.
53%
république
53%
suis
53%
dois
52%
m'oblige
52%
démocratie.
51%
ferai
51%
J'ai
51%
ramener
51%
l'as
50%
l'avez
50%
Obi Wan : Seuls
49%
apporté
48%
aussi
48%
fini
48%
rien
48%
terminé
48%
n'y
47%
parce
47%
s'en
47%
plus
46%
sécurité
46%
venue
45%
voulu !
45%
chancelier!
44%
chancelier
44%
colère
44%
côté
43%
justice,
43%
obscur
43%
soif
43%
tout
43%
Anakin : Tout
43%
essaieras...
42%
maître.
42%
noir
42%
sais
42%
seigneur
42%
allégeance
41%
corrompre
41%
absolus.
40%
coeur
40%
du
40%
40%
déjà
39%
prends
38%
chargés.
37%
liberté,
37%
lié
37%
n'ai
37%
peur
37%
risque.
37%
devenu
36%
dressée
36%
combattre.
34%
juré
34%
l'enlèverez
34%
avais
33%
maintenant !
30%
recevoir
30%
Anakin : J'aurais
29%
vengeance
29%
point
28%
leçon
27%
tel
27%
complotaient
26%
comprendre
23%
exactement
23%
très
19%
abusé
17%
Aucun quiz correspondant
Distribution des résultats
% des personnes avec chaque résultat
Percentile par nombre de réponses
Votre historique - résultats
Vous n’avez pas pris ce quiz